00928nam a2200181 a 4500003000900000005001700009007000300026008004100029040002500070082001200095111012100107245010200228246010700330260009000437300004100527611008700568710009100655DO-SdBNP20220117112523.0ta211027e2014 dr od|frt||| 001 0 spa d aDO-SdBNPcspadBNPHU 4222bC7c2 aAsamblea general ordinaria de delegadosn(XLIV: d2015:cJuan Dolio, San Pedro de Macorís: República Dominicana)10aXLIV asamblea general ordinaria de delegados :binforme correspondiente al año 2014 /cCOOPNAMA aCuadragésimo cuarta asamblea general ordinaria de delegados :binforme correspondiente al año 2014 aSanto Domingo :bCooperativa Nacional de Servicios Múltiples de los Maestros,c2015 a128 p. :bil., fot., graf. ;c29 cm.24aAsamblea general ordinariac(San Pedro de Macorís: República Dominicanad2015)2 aCooperativa Nacional de Servicios Múltiples de los Maestros (República Dominicana)